000 00518cam a22001457a 4500
999 _c508462
_d508462
008 180718b-- xxu||||| |||| 00| 0 eng d
082 _aL906x5413 COM/1991-92
100 _aBihar. Comptroller and Auditor General of India
_93791
245 _aReport of the Comptroller and Auditor General of India, Bihar (Commercial), 1991-92
260 _aPatna
_bComptroller and Auditor General of India
_c1992
300 _a296p.
500 _aLibrary has 1991/92-2006/07
650 _aAuditing - India - Bihar
_93792
942 _2ddc